000 01334nam0a2200313 4500
001 RU\NLR\bibl\264159
005 20260405125258.0
010 _a5-900261-89-1
_9450
035 _a(NLR Aleph) 000259774
090 _a1517244
_c1517244
100 _a20020518d2000 |||y0rusy50 ca
101 0 _arus
_aeng
102 _aRU
105 _aa |||||||||
200 1 _aКамчатка - страна чудес
_dThe wonder land of Kamchatka
_e[Учеб.-метод. сб.]
_fАртеменко С.И.
_zeng
210 _aПетропавловск-Камчатский
_cИзд-во Камчат. гос. пед. ин-та
_d2000
215 _a71 с.
_cил., карт.
_d21
300 _aТекст на рус. и англ. яз.
320 _aБиблиогр. : с. 69
510 1 _6z17790
_aThe wonder land of Kamchatka
_zrus
606 0 _aАнглийский язык
_jУчебно-методические пособия
_9972309
_3RU\NLR\auth\6646032
686 _aШ143.21-93рус32
_bД890(2)
700 1 _4070
_8rus
_7ca
_aАртеменко
_bС. И.
_gСветлана Ивановна
_3RU\NLR\auth\7750616
_933550
790 1 _4070
_8rus
_7ba
_aArtemenko
_bS. I.
_gSvetlana Ivanovna
_3RU\NLR\auth\7750617
_933551
801 0 _aRU
_bNLR
_c20020518
_gPSBO
801 1 _aRU
_bNLR
_c20020518
942 _cBOOK
980 _aNB